000 00446nam a22001697a 4500
003 NUST - PNEC
005 20170116181137.0
008 151007b xxu||||| |||| 00| 0 eng d
020 _a8120317092
040 _cLIBRARY
082 _a658.45 KAU
100 _914396
_aKaul, Asha
245 _aEffective business communication
_cAsha Kaul
260 _aNew Delhi:
_c2000-2004
650 _914397
_aBusiness communication
_xMIS
942 _2ddc
_cBK
999 _c70301
_d70301